000 00739na a2200253 4500
001 19402
003 MIRAKIL
005 20181213155106.0
008 161214b tu 000 0
020 _a9786056043543
040 _aMilas
_btur
_cTR-AnCHP
041 _atur
082 _a325.31
_bD33e 2010
090 _a325.31 D33e 2010
100 _aDeğer, M. Emin
245 _aEmperyalizm tuzaklarındaki ülke
_bOltadaki balık Türkiye
_cM. Emin Değer
246 _aOltadaki balık Türkiye
250 _agözd. gçrl. ve gnşl. 11. bs.
260 _aAnkara
_bKilit Yayınları
_c2010
300 _a536 s.
_c22 sm.
650 _aSömürge devletler
_xABD
_zTürkiye
650 _aEmperyalizm
_xSömürgecilik
942 _2ddc
_cBKS
999 _c6396
_d6396